[Event "New Delhi Matrix Cup 4th"]
[Site "New Delhi"]
[Date "2025.01.07"]
[Round "9"]
[White "Gopal, Krishna Maheshwari"]
[Black "Ritvik, CR."]
[Result "1/2-1/2"]
[WhiteElo "1890"]
[BlackElo "1727"]
[PlyCount "52"]
[EventDate "2025.01.03"]
[EventType "swiss"]
[EventRounds "9"]
[EventCountry "IND"]
[SourceTitle "CB03_2025"]
[SourceDate "2025.01.15"]
[SourceVersion "1"]
[SourceVersionDate "2025.01.15"]
[SourceQuality "1"]

1. e4 c5 2. Nf3 d6 3. c3 Nf6 4. Be2 g6 5. 0-0 Bg7 6. Re1 0-0 7. d3 Nc6 8. Bg5 h6 9. Bh4 Qc7 10. Nbd2 e5 11. Nb3 a5 12. Rc1 a4 13. Nbd2 Nh5 14. Nc4 Be6 15. Qd2 Nf4 16. Bg3 Nxe2+ 17. Qxe2 b5 18. Na3 b4 19. Nb5 Qb8 20. d4 Bxa2 21. dxc5 dxc5 22. cxb4 Nxb4 23. Rxc5 Qb6 24. Rec1 Rfd8 25. Re1 Rf8 26. Rec1 Rfd8 1/2-1/2

[Event "New Delhi Matrix Cup 4th"]
[Site "New Delhi"]
[Date "2025.01.06"]
[Round "7"]
[White "Prakash, Ram"]
[Black "Ritvik, CR."]
[Result "1-0"]
[WhiteElo "1927"]
[BlackElo "1727"]
[PlyCount "121"]
[EventDate "2025.01.03"]
[EventType "swiss"]
[EventRounds "9"]
[EventCountry "IND"]
[SourceTitle "CB03_2025"]
[SourceDate "2025.01.15"]
[SourceVersion "1"]
[SourceVersionDate "2025.01.15"]
[SourceQuality "1"]

1. Nf3 Nf6 2. e3 g6 3. b3 Bg7 4. Bb2 c5 5. Be2 Nc6 6. 0-0 0-0 7. c4 d6 8. d4 cxd4 9. Nxd4 Bd7 10. Nc3 a6 11. Qd2 Rb8 12. a4 Ne8 13. Nd5 e6 14. Nb4 Qb6 15. Bc3 Nf6 16. f3 Rfe8 17. Kh1 d5 18. Ndxc6 Bxc6 19. a5 Qc7 20. Qb2 Nh5 21. g4 Bxc3 22. Qxc3 d4 23. exd4 Nf4 24. Rfe1 Rbd8 25. Bf1 Qd7 26. Rad1 Qd6 27. Nxc6 Qxc6 28. Re4 Nd5 29. Qe1 Nf6 30. Rf4 e5 31. dxe5 Rxd1 32. Qxd1 Rxe5 33. h3 g5 34. Rd4 Qe6 35. Rd6 Qe7 36. Qd2 h6 37. Kg2 Kg7 38. b4 Re6 39. Rd4 Nh7 40. Rd7 Qf6 41. Rxb7 Nf8 42. Bd3 Rd6 43. Rb6 Ne6 44. Rxd6 Nf4+ 45. Kf2 Qxd6 46. Qc3+ Kg8 47. Bf1 Ng6 48. c5 Qh2+ 49. Ke1 Qg3+ 50. Kd1 Qg1 51. Qe1 Qd4+ 52. Kc2 Nf4 53. Bxa6 Nd5 54. Kb3 Nf4 55. Bc4 Qf6 56. Qe8+ Kg7 57. Qxf7+ Qxf7 58. Bxf7 Kxf7 59. a6 Ne6 60. a7 Nc7 61. b5 1-0

[Event "IND-ch U19"]
[Site "Ahmedabad"]
[Date "2023.09.20"]
[Round "1"]
[White "Ritvik, CR."]
[Black "Manish, Anto Cristiano F"]
[Result "0-1"]
[WhiteElo "1501"]
[BlackElo "2372"]
[PlyCount "74"]
[EventDate "2023.09.20"]
[EventType "swiss"]
[EventRounds "11"]
[EventCountry "IND"]
[SourceTitle "CBM 216 Extra"]
[Source "ChessBase"]
[SourceDate "2023.11.30"]
[SourceVersion "1"]
[SourceVersionDate "2023.11.30"]
[SourceQuality "1"]

1. e4 e6 2. d4 d5 3. Bd3 Be7 4. Ne2 b6 5. exd5 exd5 6. c3 Nf6 7. 0-0 0-0 8. Bf4 a5 9. Ng3 Ba6 10. Nf5 Re8 11. Nxe7+ Qxe7 12. Na3 c6 13. Nc2 Qd7 14. Re1 Bxd3 15. Rxe8+ Nxe8 16. Qxd3 Na6 17. Re1 Nac7 18. Ne3 Ne6 19. Be5 Ra7 20. Nf5 Rb7 21. Re3 c5 22. h4 c4 23. Qe2 b5 24. h5 b4 25. Qg4 f6 26. Nh6+ Kf8 27. Bg3 Rb6 28. Nf5 Kf7 29. h6 g6 30. Nh4 bxc3 31. bxc3 Rb1+ 32. Kh2 f5 33. Qe2 Nf6 34. f3 f4 35. Nxg6 fxg3+ 36. Kxg3 hxg6 37. Qc2 Rh1 0-1